Manufacturing processes (Record no. 157712)

MARC details
000 -LEADER
fixed length control field 00356nam a2200145Ia 4500
008 - FIXED-LENGTH DATA ELEMENTS--GENERAL INFORMATION
fixed length control field 230917s9999||||xx |||||||||||||| ||und||
040 ## - CATALOGING SOURCE
-- 194610
Original cataloging agency VIVEKANANDA LIBRARY
041 ## - Language
-- English
082 ## - DDC NUMBER
Classification number 670.4 S23M
100 ## - MAIN ENTRY--PERSONAL NAME
Personal name Sharma, S K
245 #0 - TITLE STATEMENT
Title Manufacturing processes
260 ## - PUBLICATION, DISTRIBUTION, ETC. (IMPRINT)
Place of publication, distribution, etc New Delhi
Name of publisher, distributor, etc I K International
Date of publication, distribution, etc 2010
300 ## - PHYSICAL DESCRIPTION
Pages xvi, 706 p.
942 ## - ADDED ENTRY ELEMENTS (KOHA)
Koha item type Books
Holdings
Withdrawn status Lost status Damaged status Not for loan Location (home branch) Sublocation or collection (holding branch) Shelving location Date acquired Koha issues (times borrowed) Koha full call number Accession No. Koha date last seen Koha item type
        VIVEKANANDA LIBRARY VIVEKANANDA LIBRARY UIET Library 05/12/2011 6 670.4 S23M 288497 30/12/2025 Books
        VIVEKANANDA LIBRARY VIVEKANANDA LIBRARY UIET Library 05/12/2011 3 670.4 S23M 288498 26/12/2024 Books
        VIVEKANANDA LIBRARY VIVEKANANDA LIBRARY UIET Library 05/12/2011 3 670.4 S23M 288499 01/12/2025 Books
        VIVEKANANDA LIBRARY VIVEKANANDA LIBRARY UIET Library 05/12/2011 2 670.4 S23M 288500 20/01/2025 Books
        VIVEKANANDA LIBRARY VIVEKANANDA LIBRARY UIET Library 05/12/2011 4 670.4 S23M 288501 18/12/2024 Books
        VIVEKANANDA LIBRARY VIVEKANANDA LIBRARY UIET Library 05/12/2011 1 670.4 S23M 288502 05/12/2023 Books
        VIVEKANANDA LIBRARY VIVEKANANDA LIBRARY UIET Library 05/12/2011 4 670.4 S23M 288503 20/01/2025 Books
        VIVEKANANDA LIBRARY VIVEKANANDA LIBRARY UIET Library 05/12/2011 2 670.4 S23M 288504 18/11/2024 Books
        VIVEKANANDA LIBRARY VIVEKANANDA LIBRARY UIET Library 05/12/2011 5 670.4 S23M 288505 10/10/2025 Books
        VIVEKANANDA LIBRARY VIVEKANANDA LIBRARY UIET Library 05/12/2011 5 670.4 S23M 288506 10/10/2025 Books
© Designed and Maintained by Vivekananda Library, MDU Rohtak